[Event "Ho Chi Minh Royal op 11th"]
[Site "Ho Chi Minh City"]
[Date "2022.09.17"]
[Round "4"]
[White "Ngo, Minh Hang"]
[Black "Ngo, Thanh Tu"]
[Result "1-0"]
[WhiteElo "1789"]
[BlackElo "1679"]
[PlyCount "59"]
[EventDate "2022.09.14"]
[EventType "swiss"]
[EventRounds "9"]
[EventCountry "VIE"]
[SourceTitle "EXT 2023"]
[Source "ChessBase"]
[SourceDate "2022.10.05"]
[SourceVersion "1"]
[SourceVersionDate "2022.10.05"]
[SourceQuality "1"]

1. e4 e5 2. Nf3 Nf6 3. Nxe5 Qe7 4. d4 d6 5. Nf3 Nxe4 6. Be2 g6 7. 0-0 Bg7 8. Re1 0-0 9. Bc4 Bf5 10. Nbd2 Re8 11. Bd5 c6 12. Bxe4 Bxe4 13. Rxe4 Qd7 14. c3 Na6 15. Qc2 d5 16. Rxe8+ Rxe8 17. Nf1 c5 18. Bf4 cxd4 19. cxd4 Nb4 20. Qd2 Nc6 21. h3 Qf5 22. Ng3 Qd7 23. Bh6 Bf6 24. Qf4 Re6 25. h4 a6 26. Bg5 Bg7 27. h5 f6 28. hxg6 fxg5 29. gxh7+ Kxh7 30. Nxg5+ 1-0

[Event "VIE-ch U15 Girls"]
[Site "Ho Chi Minh City"]
[Date "2022.07.14"]
[Round "6"]
[White "Nguyen, Ngoc Hien1111"]
[Black "Ngo, Minh Hang"]
[Result "0-1"]
[WhiteElo "2115"]
[BlackElo "2107"]
[PlyCount "66"]
[EventDate "2022.07.11"]
[EventType "swiss"]
[EventRounds "9"]
[EventCountry "VIE"]
[SourceTitle "EXT 2023"]
[Source "ChessBase"]
[SourceDate "2022.10.05"]
[SourceVersion "1"]
[SourceVersionDate "2022.10.05"]
[SourceQuality "1"]

1. f4 c5 2. Nf3 d5 3. e3 Nf6 4. Be2 g6 5. d3 Bg7 6. 0-0 0-0 7. Ne5 Nbd7 8. Nxd7 Bxd7 9. Bf3 Bc6 10. Qe2 Re8 11. g4 e5 12. g5 Nd7 13. Qg2 exf4 14. exf4 Nf8 15. Nc3 Ne6 16. f5 Nd4 17. f6 Nxf3+ 18. Qxf3 Bf8 19. Bf4 Qb6 20. Rab1 c4+ 21. Kh1 Qc5 22. h4 b5 23. Rbd1 d4 24. Ne4 Qf5 25. Rde1 Re6 26. Kh2 Rae8 27. Kg3 Bxe4 28. dxe4 Rxe4 29. Rxe4 Rxe4 30. Qg4 Qxg4+ 31. Kxg4 Bd6 32. Kg3 Rxf4 33. Rxf4 d3 0-1

[Event "VIE-ch U15 Girls"]
[Site "Ho Chi Minh City"]
[Date "2022.07.11"]
[Round "1"]
[White "Tran, Van Anh"]
[Black "Ngo, Minh Hang"]
[Result "0-1"]
[WhiteElo "2096"]
[BlackElo "2107"]
[PlyCount "64"]
[EventDate "2022.07.11"]
[EventType "swiss"]
[EventRounds "9"]
[EventCountry "VIE"]
[SourceTitle "EXT 2023"]
[Source "ChessBase"]
[SourceDate "2022.10.05"]
[SourceVersion "1"]
[SourceVersionDate "2022.10.05"]
[SourceQuality "1"]

1. d4 c5 2. dxc5 e6 3. c3 Bxc5 4. e4 Nc6 5. Nf3 Nf6 6. Bd3 0-0 7. 0-0 Qc7 8. Bg5 Ng4 9. Bh4 a5 10. Nbd2 a4 11. h3 Nge5 12. Nxe5 Nxe5 13. Be2 Ng6 14. Bg3 Qxg3 15. Bf3 Nf4 16. Kh1 Bxf2 17. Nc4 d5 18. Ne5 Bb6 19. Qd2 Nxh3 20. gxh3 Qxe5 21. Qg2 Bd7 22. exd5 exd5 23. Rae1 Qd6 24. Re2 Bb5 25. Rd2 Bxf1 26. Qxf1 Qg3 27. Bg2 Rfe8 28. Rd1 Bc7 29. Qg1 Re2 30. Rb1 Rae8 31. Rf1 Re1 32. Qf2 Qh2# 0-1

[Event "VIE-ch U15 Girls"]
[Site "Hanoi"]
[Date "2022.06.14"]
[Round "5"]
[White "Tran, Thi Hong Ngoc"]
[Black "Ngo, Minh Hang"]
[Result "1-0"]
[WhiteElo "2104"]
[BlackElo "2117"]
[PlyCount "85"]
[EventDate "2022.06.11"]
[EventType "swiss"]
[EventRounds "9"]
[EventCountry "VIE"]
[SourceTitle "EXT 2023"]
[Source "ChessBase"]
[SourceDate "2022.10.05"]
[SourceVersion "1"]
[SourceVersionDate "2022.10.05"]
[SourceQuality "1"]

1. d4 c5 2. d5 Nf6 3. c4 e6 4. Nc3 exd5 5. cxd5 d6 6. e4 g6 7. Nf3 Bg7 8. h3 0-0 9. Bd3 b5 10. Bxb5 Nxe4 11. Bd2 Nxd2 12. Qxd2 Qa5 13. Be2 Ba6 14. 0-0 Bxe2 15. Qxe2 Nd7 16. Nd2 Bxc3 17. Nb3 Rfe8 18. Qc2 Qb5 19. Qxc3 Re2 20. Qa5 Qb6 21. Qc3 Re5 22. Rad1 Nf6 23. Kh2 Rae8 24. f4 Ne4 25. Qc1 R5e7 26. f5 Re5 27. fxg6 hxg6 28. Nd2 Nxd2 29. Rxd2 R8e7 30. Qd1 Qb7 31. Rf6 Qc7 32. Rdf2 Kg7 33. Qf3 Kg8 34. Qd3 Kg7 35. Qf3 Kg8 36. h4 Kg7 37. g4 Qd7 38. h5 Rg5 39. hxg6 Rxg4 40. Rxf7+ Rxf7 41. gxf7 Rh4+ 42. Kg1 Qg4+ 43. Rg2 1-0

[Event "Eastern Asia-ch U14 Girls"]
[Site "Tornelo INT"]
[Date "2021.10.24"]
[Round "7"]
[White "Ngo, Minh Hang"]
[Black "Mashhadi, Fatemeh"]
[Result "0-1"]
[WhiteElo "1763"]
[BlackElo "1265"]
[PlyCount "64"]
[EventDate "2021.10.22"]
[EventType "swiss"]
[EventRounds "9"]
[EventCountry "NET"]
[SourceTitle "EXT 2023"]
[Source "ChessBase"]
[SourceDate "2022.10.05"]
[SourceVersion "1"]
[SourceVersionDate "2022.10.05"]
[SourceQuality "1"]

1. e4 c6 2. d4 d5 3. exd5 cxd5 4. c3 Nc6 5. Bf4 Nf6 6. Nf3 Bg4 7. Qb3 Qc8 8. Ne5 e6 9. Bb5 a6 10. Bxc6+ bxc6 11. Qa4 Bd6 12. Nxf7 Bxf4 13. Nxh8 Kf8 14. f3 Bf5 15. g3 Bd6 16. g4 Bxb1 17. Rxb1 Kg8 18. Ng6 hxg6 19. Qc2 Kf7 20. Kf1 Qc7 21. Re1 c5 22. h4 cxd4 23. h5 gxh5 24. gxh5 Qc4+ 25. Kg1 d3 26. Qg2 Bc5+ 27. Kh2 Qh4+ 28. Qh3 Qxh3+ 29. Kxh3 Nxh5 30. Rd1 Bd6 31. Kg4 Nf4 32. Rh4 Kf6 0-1

[Event "Eastern Asia-ch U14 Girls"]
[Site "Tornelo INT"]
[Date "2021.10.23"]
[Round "4"]
[White "Dakshita, Kumawat"]
[Black "Ngo, Minh Hang"]
[Result "1/2-1/2"]
[WhiteElo "1340"]
[BlackElo "1763"]
[PlyCount "62"]
[EventDate "2021.10.22"]
[EventType "swiss"]
[EventRounds "9"]
[EventCountry "NET"]
[SourceTitle "EXT 2023"]
[Source "ChessBase"]
[SourceDate "2022.10.05"]
[SourceVersion "1"]
[SourceVersionDate "2022.10.05"]
[SourceQuality "1"]

1. d4 c5 2. d5 Nf6 3. c4 e6 4. Nc3 exd5 5. cxd5 d6 6. e4 g6 7. Nf3 Bg7 8. Bd3 0-0 9. 0-0 Bg4 10. Bf4 a6 11. a4 Qe7 12. h3 Bxf3 13. Qxf3 Nbd7 14. Bc2 Rab8 15. Qe2 Ne8 16. a5 Nc7 17. Qd2 Nb5 18. Nxb5 axb5 19. Rab1 b4 20. Bd3 Rfc8 21. Qe2 Ne5 22. Bxe5 Bxe5 23. f4 Bd4+ 24. Kh1 Qc7 25. b3 Re8 26. f5 Qe7 27. fxg6 fxg6 28. Qg4 Kg7 29. Bb5 Rf8 30. a6 bxa6 31. Bxa6 Bf6 1/2-1/2